Chiến lược và chính sách môi trường

Sách trình bày các vấn đề môi trường toàn cầu. Chiến lược toàn cầu về môi trường và phát triển bền vững. Xây dựng chiến lược quốc gia, chính sách và định hướng bảo vệ môi trường và phát triển bền vững ở Việt Nam. Luật môi tr...

Popoln opis

Shranjeno v:
Bibliografske podrobnosti
Glavni avtor: Lê, Văn Khoa
Format: Knjiga
Jezik:Undetermined
Izdano: Hà Nội Đại học Quốc gia Hà Nội 2001
Teme:
Oznake: Označite
Brez oznak, prvi označite!
Thư viện lưu trữ: Trung tâm Học liệu Trường Đại học Cần Thơ
LEADER 01125nam a2200217Ia 4500
001 CTU_50323
008 210402s9999 xx 000 0 und d
020 |c 23700 
082 |a 333.72 
082 |b Kh401/2001 
100 |a Lê, Văn Khoa 
245 0 |a Chiến lược và chính sách môi trường 
245 0 |c Lê Văn Khoa, Nguyễn Ngọc Sinh, Nguyễn Tiến Dũng 
260 |a Hà Nội 
260 |b Đại học Quốc gia Hà Nội 
260 |c 2001 
520 |a Sách trình bày các vấn đề môi trường toàn cầu. Chiến lược toàn cầu về môi trường và phát triển bền vững. Xây dựng chiến lược quốc gia, chính sách và định hướng bảo vệ môi trường và phát triển bền vững ở Việt Nam. Luật môi trường trên thế giới và ở Việt Nam 
650 |a Environmental policy,Environmental policy 
650 |z Vietnam,Vietnam 
904 |i Huỳnh Mai 
980 |a Trung tâm Học liệu Trường Đại học Cần Thơ